All Men's International Teams in EAFC 25 - Statistics

General Stats
  • This quiz has been taken 42 times
  • The average score is 21 of 29
Answer Stats
National Team % Correct
Argentina
92%
England
92%
France
92%
Netherlands
92%
Spain
92%
Germany
89%
Portugal
89%
Ireland
83%
Sweden
83%
United States
83%
Finland
78%
Italy
78%
Scotland
78%
Wales
78%
Norway
75%
Denmark
72%
Ukraine
72%
Croatia
69%
Hungary
69%
Poland
69%
Czech Republic
61%
Mexico
58%
Northern Ireland
58%
Romania
50%
Ghana
47%
Iceland
47%
New Zealand
44%
Morocco
42%
Qatar
28%
No matching quizzes found
Score Distribution
Percent of People with Each Score
Percentile by Number Answered
Your Score History
You have not taken this quiz